[Event "AUTO-OPEN-2252"]
[Site "http://www.queenalice.com/game.php?id=895489"]
[Date "2011.2.3"]
[Round "1"]
[White "augustoluizheck"]
[Black "silverado"]
[Result "0-1"]
[WhiteElo "1518"]
[BlackElo "1854"]

1. e4 e5 2. Nf3 Nc6 3. Bb5 a6 4. Bxc6 dxc6 5. Nc3 Bg4 6. h3 Bxf3 7. Qxf3 Nf6 8.
d3 Bb4 9. Bd2 h6 10. a3 Bc5 11. b4 Bd4 12. O-O-O Qe7 13. Ne2 O-O-O 14. c3 Ba7
15. Ng3 Qe6 16. Rhe1 Kb8 17. Nf5 Ne8 18. Be3 g5 19. Bxa7+ Kxa7 20. d4 exd4 21.
Nxd4 Qc4 22. Nxc6+ bxc6 23. Rxd8 c5 24. e5 cxb4 25. Qa8+ Kb6 26. Rb8+ Kc5 27.
Qa7+ Kd5 28. Rd1+ Ke6 29. Rxb4 Qxc3+ 30. Kb1 Qxa3 31. Rb2 Qa5 32. Qd4 Ng7 33.
Qd7+ Kxe5 34. Re2+ Kf6 35. Qe7+ Kg6 36. Qxc7 Qxc7 0-1

[Event "AUTO-OPEN-2252"]
[Site "http://www.queenalice.com/game.php?id=895490"]
[Date "2011.2.3"]
[Round "1"]
[White "silverado"]
[Black "augustoluizheck"]
[Result "0-1"]
[WhiteElo "1570"]
[BlackElo "1499"]

1. e4 e5 2. Bc4 Bc5 3. Nc3 d6 4. h3 f5 5. exf5 Bxf5 6. d3 Nd7 7. Nf3 Ngf6 8. Ng5
Rf8 9. g4 h6 10. gxf5 hxg5 11. Bxg5 c6 12. a3 Nb6 13. Bxf6 Qxf6 14. Qh5+ Kd7 15.
Be6+ Kc7 16. Rg1 Rae8 17. Rg6 Qd8 18. Rxg7+ Kb8 19. O-O-O Bxf2 20. b4 Re7 21.
Rxe7 Qxe7 22. a4 d5 23. a5 Qxb4 24. Kd2 d4 25. Ke2 Be3 26. Ne4 Nd5 27. f6 Nf4+
28. Kf3 Nxh5 29. f7 Qe7 30. Bc4 Qh4 31. Be6 Qf4+ 32. Ke2 Ng3+ 33. Nxg3 Qf2# 0-1

[Event "AUTO-OPEN-2252"]
[Site "http://www.queenalice.com/game.php?id=895491"]
[Date "2011.2.3"]
[Round "1"]
[White "augustoluizheck"]
[Black "MariusLola"]
[Result "0-1"]
[WhiteElo "1494"]
[BlackElo "1753"]

1. b4 e5 2. Bb2 e4 3. c3 d5 4. e3 Nf6 5. f3 Bd6 6. d4 O-O 7. Ne2 exf3 8. gxf3
Bf5 9. Ng3 Bg6 10. Bg2 b6 11. Nd2 Re8 12. e4 Bxg3+ 13. hxg3 dxe4 14. fxe4 Bxe4
15. Nxe4 Nxe4 16. Qf3 Ng5+ 0-1

[Event "AUTO-OPEN-2252"]
[Site "http://www.queenalice.com/game.php?id=895492"]
[Date "2011.2.3"]
[Round "1"]
[White "MariusLola"]
[Black "augustoluizheck"]
[Result "1-0"]
[WhiteElo "1759"]
[BlackElo "1488"]

1. Nf3 f5 2. g3 Nf6 3. Bg2 e6 4. d4 c5 5. Bf4 Nc6 6. Ne5 Nd5 7. Nxc6 dxc6 8. Be5
b6 9. O-O Bb7 10. e3 Qd7 11. Qh5+ Qf7 12. Qxf7+ Kxf7 13. c4 Nf6 14. Nd2 Rd8 15.
Rad1 cxd4 16. Bxd4 c5 17. Bxf6 gxf6 18. Bxb7 1-0

[Event "Challenge"]
[Site "http://www.queenalice.com/game.php?id=895693"]
[Date "2011.2.4"]
[Round "-"]
[White "augustoluizheck"]
[Black "Juan72"]
[Result "0-1"]
[WhiteElo "1471"]
[BlackElo "1528"]

1. e4 c5 2. Nf3 Nc6 3. d4 cxd4 4. Nxd4 Nf6 5. Nc3 d6 6. Bb5 Bd7 7. Nxc6 Bxc6 8.
Bxc6+ bxc6 9. O-O e5 10. Be3 d5 11. Bg5 d4 12. Bxf6 Qxf6 13. Na4 Rb8 14. Qd3 Bd6
15. Rad1 O-O 16. c4 c5 17. b3 a5 18. g3 g6 19. Rd2 Qe6 20. f4 f5 21. Rdf2 fxe4
22. Qxe4 Rbd8 23. Nb6 Bc7 24. Nd5 Bb8 25. f5 gxf5 26. Rxf5 Rxf5 27. Rxf5 h6 28.
Qg4+ Kh8 29. Rf8+ Rxf8 30. Qxe6 d3 31. Qxh6+ Kg8 32. Nf6+ Kf7 33. Nd7 Rd8 34.
Qf6+ Ke8 35. Nxe5 Bxe5 36. Qxe5+ Kf8 37. Kf1 d2 38. Qxc5+ Ke8 39. Qc6+ Rd7 40.
Qxd7+ Kxd7 41. Ke2 d1=Q+ 42. Kxd1 Kc6 43. Kd2 Kc5 44. Kd3 Kb4 0-1

[Event "Challenge"]
[Site "http://www.queenalice.com/game.php?id=895694"]
[Date "2011.2.4"]
[Round "-"]
[White "augustoluizheck"]
[Black "Danado"]
[Result "1-0"]
[WhiteElo "1493"]
[BlackElo "1760"]

1. d4 h6 2. c4 d5 3. Nf3 Nf6 4. Qc2 Be6 5. e3 dxc4 6. Nc3 Nc6 7. Bd2 Nb4 8. Qa4+
Nc6 9. Ne5 Nd7 10. Nxc6 bxc6 11. Qxc6 Qb8 12. Bxc4 Bxc4 13. Qxc4 e6 14. O-O Bd6
15. Nb5 O-O 16. Rfc1 Bxh2+ 17. Kxh2 Qb7 18. Nxc7 Rac8 19. Ba5 Nb6 20. Bxb6 axb6
21. Rc3 Rfd8 22. Rac1 Rd7 23. Qc6 Rcxc7 24. Qxb7 Rxb7 25. Rb3 Ra7 26. a3 Rab7
27. Rc6 b5 28. Rc5 f6 29. Rbxb5 Kh7 30. Rxb7 Rxb7 31. b4 Kg6 32. Kg3 Rd7 33. f3
Kf7 34. f4 f5 35. Kf3 g5 36. g3 gxf4 37. gxf4 Kf6 38. a4 Rg7 39. b5 Ra7 40. Rc4
Rg7 41. a5 h5 42. a6 h4 43. b6 h3 44. Rc1 Rg8 45. Rh1 Rh8 46. b7 1-0

[Event "Challenge"]
[Site "http://www.queenalice.com/game.php?id=895695"]
[Date "2011.2.4"]
[Round "-"]
[White "paulove"]
[Black "augustoluizheck"]
[Result "0-1"]
[WhiteElo "1933"]
[BlackElo "1468"]

1. e4 c5 2. f4 d5 3. e5 Nc6 4. d3 Qc7 5. Nf3 Bg4 6. Be2 e6 7. O-O O-O-O 8. Ng5
Bxe2 9. Qxe2 Nd4 10. Qd1 h6 11. Nf3 Ne7 12. Nc3 Nef5 13. Nxd4 cxd4 14. Nb5 Qb6
15. a4 a6 16. Na3 Ne3 17. Bxe3 dxe3 18. Kh1 Qxb2 19. Qb1 Bxa3 20. Qxb2 Bxb2 21.
Rae1 d4 22. Re2 Rd5 23. Rb1 Bc3 24. Rb3 Rhd8 25. g3 R8d7 26. Kg2 b5 27. axb5
Rxb5 28. Rxb5 axb5 29. Kf3 g6 30. Ke4 b4 31. g4 Ra7 32. f5 Ra2 33. Kf3 Kc7 34.
h4 Bd2 35. g5 hxg5 36. fxg6 fxg6 37. hxg5 Rxc2 38. Ke4 b3 39. Kxd4 b2 0-1

[Event "Challenge"]
[Site "http://www.queenalice.com/game.php?id=895697"]
[Date "2011.2.4"]
[Round "-"]
[White "filatelista"]
[Black "augustoluizheck"]
[Result "1-0"]
[WhiteElo "2135"]
[BlackElo "1486"]

1. d4 f5 2. c4 Nf6 3. Nc3 e6 4. a3 c5 5. d5 e5 6. e3 d6 7. Nf3 Be7 8. Be2 O-O 9.
O-O Ne4 10. Nd2 Nxc3 11. bxc3 Nd7 12. e4 f4 13. Nf3 Nf6 14. Bd3 Ng4 15. h3 Nh6
16. Rb1 b6 17. a4 Rf6 18. Qc2 Bxh3 19. gxh3 Rg6+ 20. Kh1 Bh4 21. Rg1 Rxg1+ 22.
Kxg1 Qf6 23. Bf1 Rf8 24. Nxh4 Qxh4 25. Qd3 g5 26. Qf3 g4 27. hxg4 Rf7 28. Qh3
1-0

[Event "Challenge"]
[Site "http://www.queenalice.com/game.php?id=895698"]
[Date "2011.2.4"]
[Round "-"]
[White "augustoluizheck"]
[Black "nickpet"]
[Result "0-1"]
[WhiteElo "1500"]
[BlackElo "1723"]

1. c4 e5 2. Nc3 Bc5 3. Nf3 Nc6 4. e3 Nh6 5. d4 exd4 6. exd4 Bb4 7. Bd2 Qf6 8. d5
Nd4 9. Nxd4 Qxd4 10. a3 Bxc3 11. bxc3 Qe5+ 12. Be2 O-O 13. Bxh6 gxh6 14. O-O d6
15. Bh5 Qg5 16. Qf3 f5 17. Rfe1 Bd7 18. Ra2 c6 19. Rae2 Kh8 20. Re7 Qd2 21. Kf1
Rac8 22. g3 f4 23. R1e2 Bh3+ 24. Kg1 Qd1+ 0-1

[Event "Challenge"]
[Site "http://www.queenalice.com/game.php?id=896449"]
[Date "2011.2.5"]
[Round "-"]
[White "Sirius"]
[Black "augustoluizheck"]
[Result "1-0"]
[WhiteElo "1590"]
[BlackElo "1474"]

1. d4 d5 2. Bd2 Nc6 3. e3 Bf5 4. Nc3 Nf6 5. f3 e6 6. a4 Bd6 7. Nb5 O-O 8. g4 Bg6
9. Nh3 a6 10. Nxd6 cxd6 11. g5 Rc8 12. gxf6 Qxf6 13. Nf2 Nxd4 14. exd4 Rxc2 15.
Bc3 Rc8 16. Bd3 Rxf2 17. Kxf2 1-0

[Event "Challenge"]
[Site "http://www.queenalice.com/game.php?id=896450"]
[Date "2011.2.5"]
[Round "-"]
[White "Nico27"]
[Black "augustoluizheck"]
[Result "1-0"]
[WhiteElo "2088"]
[BlackElo "1504"]

1. e4 e6 2. d4 g6 3. Nf3 Bg7 4. c3 c6 5. Be2 d5 6. e5 f6 7. O-O Nd7 8. exf6
Ngxf6 9. Bg5 O-O 10. Ne5 h6 11. Bh4 Qb6 12. Nxg6 Qxb2 13. Qb3 Qxe2 14. Nxf8 Nxf8
15. Na3 Ng6 16. Bg3 Ne4 17. Rfe1 Qh5 18. Re3 Nxg3 19. fxg3 e5 20. dxe5 Nxe5 21.
Rae1 b5 22. Qb4 Bg4 23. Qe7 Re8 24. Qxa7 Qg5 25. Kh1 Rf8 26. h4 Qh5 27. Qc7 Nf3
28. gxf3 Bxf3+ 29. Kh2 Be4 30. R1e2 Be5 31. Qe7 1-0

[Event "Challenge"]
[Site "http://www.queenalice.com/game.php?id=896451"]
[Date "2011.2.5"]
[Round "-"]
[White "augustoluizheck"]
[Black "elche"]
[Result "0-1"]
[WhiteElo "1499"]
[BlackElo "1779"]

1. d4 d5 2. e4 dxe4 3. Nc3 Nf6 4. Bg5 e6 5. Bxf6 Qxf6 6. Bc4 Bb4 7. a3 Bxc3+ 8.
bxc3 O-O 9. Nh3 c6 10. g3 e5 11. dxe5 Qxe5 12. Nf4 Qxc3+ 0-1

[Event "Challenge"]
[Site "http://www.queenalice.com/game.php?id=896453"]
[Date "2011.2.5"]
[Round "-"]
[White "augustoluizheck"]
[Black "PedoneA0"]
[Result "1-0"]
[WhiteElo "1481"]
[BlackElo "1921"]

1. e4 d6 2. f4 Nf6 3. Nc3 c5 4. Nf3 g6 5. Bc4 Bg7 6. d4 cxd4 7. Nxd4 Nxe4 8.
Nxe4 d5 9. Nb5 dxc4 10. Qxd8+ Kxd8 11. O-O 1-0

[Event "Challenge"]
[Site "http://www.queenalice.com/game.php?id=896454"]
[Date "2011.2.5"]
[Round "-"]
[White "Alain91"]
[Black "augustoluizheck"]
[Result "1-0"]
[WhiteElo "2114"]
[BlackElo "1459"]

1. d4 Nf6 2. c4 d5 3. Nf3 dxc4 4. Nc3 Bf5 5. e3 Nc6 6. Bxc4 e6 7. O-O Bb4 8. Nh4
Bxc3 9. bxc3 Na5 10. Nxf5 exf5 11. Bd3 g6 12. Qa4+ c6 13. Ba3 Nd5 14. c4 Nc3 15.
Qc2 Ne4 16. Bxe4 fxe4 17. Qxe4+ Qe7 18. Qxe7# 1-0

[Event "Challenge"]
[Site "http://www.queenalice.com/game.php?id=896457"]
[Date "2011.2.5"]
[Round "-"]
[White "augustoluizheck"]
[Black "equus"]
[Result "0-1"]
[WhiteElo "1528"]
[BlackElo "1897"]

1. d4 Nf6 2. Bg5 d5 3. Bxf6 gxf6 4. e3 c5 5. c3 Nc6 6. Bb5 Bd7 7. Nd2 e5 8. dxe5
Nxe5 9. Bxd7+ Qxd7 10. Ndf3 O-O-O 11. Qc2 c4 12. O-O-O Bg7 13. Ne2 Nd3+ 14. Kb1
Nxf2 15. Nf4 Nxh1 16. Rxd5 Qc7 17. Qf5+ Kb8 18. Rc5 Qd7 19. Qxd7 Rxd7 20. Nd4
Nf2 21. Rxc4 Ne4 22. Nf5 Nd2+ 0-1